La sabiduría de Buda
Gardado en:
| Autor Principal: | |
|---|---|
| Formato: | Libro |
| Idioma: | Lingua castelá |
| Publicado: |
Barcelona, España
Ediciones B
1998
|
| Series: | Biblioteca de Bolsillo Claves.
19 |
| Subjects: | |
| Tags: |
Engadir etiqueta
Sen Etiquetas, Sexa o primeiro en etiquetar este rexistro!
|
MARC
| LEADER | 00000nam a2200000 a 4500 | ||
|---|---|---|---|
| 001 | UCO1416 | ||
| 003 | CL-VaPUC | ||
| 005 | 20230717125222.0 | ||
| 008 | 000512e19980000SP |||||||||||||||||spa|d | ||
| 999 | |c 288039 |d 288037 | ||
| 040 | |c Pontificia Universidad Católica de Valparaíso | ||
| 082 | 0 | 4 | |a 294.3 BOI 1998 |2 21 |
| 100 | 0 | |a Boisselier, Jean |9 443509 | |
| 245 | 1 | 3 | |a La sabiduría de Buda |
| 260 | 0 | 3 | |a Barcelona, España |b Ediciones B |c 1998 |
| 300 | |a 192 páginas | ||
| 490 | 0 | |a Biblioteca de Bolsillo Claves. |v 19 | |
| 583 | |a last modification |c 20000512 00:00:00 |k Rodrigo Vera | ||
| 600 | 0 | 7 | |a BUDA |2 CL-VaPUC |9 393688 |
| 650 | 7 | |a BUDISMO |2 CL-VaPUC |9 443510 | |
| 650 | 0 | |a Filosofía oriental |9 319113 | |
| 650 | 0 | |a Filosofía hindú |9 431231 | |
| 942 | |c BK |2 ddc | ||
| 945 | |d 20000512 00:00:00 |a rbrito | ||
| 952 | |0 0 |1 0 |2 ddc |4 0 |6 294_300000000000000_BOI_1998 |7 0 |8 A |9 335216 |a BIBHIS |b BIBHIS |d 2019-11-20 |i 3615502 |o 294.3 BOI 1998 |p 3615502 |r 2025-01-20 |t 1 |w 2019-11-20 |y BK |k HIS | ||